| 000 | 01349nam0a2200325 4500 | ||
|---|---|---|---|
| 001 | RU\NLR\BIBL_A\012116751 | ||
| 005 | 20230320090541.0 | ||
| 010 |
_a978-5-408-04571-6 _93000 |
||
| 021 |
_aRU _bКН-П-19-069573 _9КН-П-19-5016 |
||
| 035 | _a(NLR Aleph) 012116751 | ||
| 035 | _a(RuMoRGB)010094391 | ||
| 090 |
_a11971760 _c11971760 |
||
| 100 | _a20191010d2020 u y0rusy50 ca | ||
| 101 | 0 | _arus | |
| 102 | _aRU | ||
| 105 | _aa|||z|||000zy | ||
| 200 | 1 |
_aПоурочные разработки по географии _e9 класс _eк УМК В. П. Дронова, В. Я. Рома (М. : Дрофа) _fЕ. А. Жижина |
|
| 205 | _a2-е изд. | ||
| 210 |
_aМосква _cВАКО _d2020 [т. е. 2019] |
||
| 215 |
_a333 с. _cтабл. _d20 |
||
| 225 | 1 | _aВ помощь школьному учителю | |
| 225 | 1 | _aСоответствует ФГОС | |
| 320 | _aБиблиогр.: с. 330 (9 назв.) | ||
| 606 | 1 |
_aГеография _xУроки _xПланы _xСредняя школа _jРуководства, пособия и т.п. _2nlr_sh2 _3RU\NLR\auth\661384763 |
|
| 686 | 1 | _aЧ426.43-260.21я7 | |
| 700 | 1 |
_aЖижина _bЕ. А. _gЕлена Александровна |
|
| 942 | _cBOOK | ||
| 980 | _aNB | ||